| 000 | 00518nam a22001697a 4500 | ||
|---|---|---|---|
| 003 | BD-DhUL | ||
| 005 | 20171108152243.0 | ||
| 008 | 171108s1910 ii ||||| |||| 00| 0 per d | ||
| 040 |
_aBD-DhUL _cBD-DhUL |
||
| 082 |
_a891.551 _bBAD |
||
| 100 | 0 | _aبیرام خان خان خانان | |
| 245 | 0 |
_aدیوان بیرام خان خان خانان / _cبیرام خان خان خانان |
|
| 260 |
_aکلکتہ : _b، _c۔۱۹۱۰ |
||
| 300 |
_aص۔ ۹۱ ؛ _c۲۴ سم۔ |
||
| 650 | 0 | _aPersian poetry | |
| 942 |
_2ddc _cBK |
||
| 999 |
_c231842 _d231842 |
||